LEADER 01784nam 2200349Ia 450 001 996391930803316 005 20221108062621.0 035 $a(CKB)1000000000676340 035 $a(EEBO)2240960477 035 $a(OCoLC)12629038 035 $a(EXLCZ)991000000000676340 100 $a19851003d1700 uy | 101 0 $aeng 135 $aurbn||||a|bb| 200 14$aThe works of Mr. Abraham Cowley$b[electronic resource] $econsisting of those which were formerly printed, and those which he design'd for the press, now published out of the author's original copies, with the Cutter of Coleman-Street 205 $aThe ninth edition : to which are added some verses by the avthor never before printed. 210 $aLondon $cPrinted by Henry Herringman, and are to be sold by Jacob Tonson ..., and Thomas Bennet ...$d1700 215 $a[40]; 94; [4], 56 [i.e. 70]; 37 [i.e. 41]; 38-46 [i.e. 52]; 47-129 [i.e. 152]; 127; [5], 32 p., 1 leaf of plates $cport 300 $aAdvertisement: prelim. p. [6]. 300 $aErrors in paging. 300 $aReproduction of original in Huntington Library. 327 $aMiscellanies -- Pindarique odes -- Verses written on several occasions -- A proposition for the advancement of experimental philosophy -- A discourse by way of vision concerning the government of Oliver Cromwell -- Several discourses by way of essays, in verse and prose -- Davideis, a sacred poem of the troubles of David -- Davideidos liber primvs -- Cutter of Coleman-street, a comedy. 330 $aeebo-0113 700 $aCowley$b Abraham$f1618-1667.$0131531 801 0$bEAA 801 1$bEAA 801 2$bm/c 801 2$bWaOLN 906 $aBOOK 912 $a996391930803316 996 $aThe works of Mr. Abraham Cowley$92358236 997 $aUNISA LEADER 01636oam 2200469 a 450 001 9910702909603321 005 20230902161736.0 035 $a(CKB)4970000000033747 035 $a(OCoLC)434631682 035 $a(EXLCZ)994970000000033747 100 $a20090829d2009 ua 0 101 0 $aeng 135 $aurbn||||a|||| 181 $ctxt$2rdacontent 182 $cc$2rdamedia 183 $acr$2rdacarrier 200 10$aHealth insurance$b[electronic resource] $eenrollment, benefits, funding, and other characteristics of state high-risk health insurance pools /$f[John E. Dicken] 210 1$aWashington, DC :$cU.S. Govt. Accountability Office,$d[2009] 215 $a1 online resource (39 pages) 300 $aTitle from PDF title screen (GAO, viewed Aug. 29, 2009). 300 $a"July 22, 2009." 300 $a"GAO-09-730R." 320 $aIncludes bibliographical references. 517 $aHealth Insurance 606 $aInsurance pools$zUnited States$xStates 606 $aHealth insurance$zUnited States$xStates 606 $aHealth services accessibility$zUnited States$xStates 606 $aRisk (Insurance)$zUnited States$xStates 615 0$aInsurance pools$xStates. 615 0$aHealth insurance$xStates. 615 0$aHealth services accessibility$xStates. 615 0$aRisk (Insurance)$xStates. 700 $aDicken$b John E$01382684 712 02$aUnited States.$bGovernment Accountability Office. 801 0$bDID 801 1$bDID 801 2$bESR 801 2$bGPO 906 $aDOCUMENT 912 $a9910702909603321 996 $aHealth insurance$93525961 997 $aUNINA